Statistiche per Allenatori vincitori dei Mondiali di Calcio

Clicka qui per fare il quiz!

Statistiche generali

  • Questo quiz è stato fatto 90 volte
  • Il punteggio medio è 8 su 22

Statistiche sulle risposte

AnnoNazioneAllenatore% Corretto
2006ItaliaMarcello Lippi
98%
2018FranciaDidier Deschamps
84%
2022ArgentinaLionel Scaloni
78%
2014GermaniaJoachim Löw
70%
2010SpagnaVicente del Bosque
60%
1982ItaliaEnzo Bearzot
59%
1938ItaliaVittorio Pozzo
53%
1934ItaliaVittorio Pozzo
53%
2002BrasileLuiz Felipe Scolari
44%
1990Germania OvestFranz Beckenbauer
38%
1986ArgentinaCarlos Bilardo
21%
1970BrasileMário Zagallo
21%
1994BrasileCarlos Alberto Parreira
15%
1978ArgentinaCésar Luis Menotti
15%
1998FranciaAimé Jacquet
11%
1958BrasileVicente Feola
10%
1966InghilterraAlf Ramsey
6%
1954Germania OvestSepp Herberger
6%
1974Germania OvestHelmut Schön
5%
1962BrasileAymoré Moreira
4%
1950UruguayJuan López Fontana
4%
1930UruguayAlberto Suppici
3%

Distribuzione punteggi

Percentile per numero di risposta

Percentuale di utenti per punteggio

I tuoi punteggi nel tempo

Non hai fatto questo quiz